Chimie verte : Concepts et applications (notice n° 1506148)

détails MARC
000 -LEADER
fixed length control field 02041cam a2200145 4500500
005 - DATE AND TIME OF LATEST TRANSACTION
control field 20250921003246.0
041 ## - LANGUAGE CODE
Language code of text/sound track or separate title fre
042 ## - AUTHENTICATION CODE
Authentication code dc
100 10 - MAIN ENTRY--PERSONAL NAME
Personal name Augé, Jacques
Relator term author
245 00 - TITLE STATEMENT
Title Chimie verte : Concepts et applications
260 ## - PUBLICATION, DISTRIBUTION, ETC.
Name of publisher, distributor, etc. EDP Sciences,<br/>
Date of publication, distribution, etc. 2016.<br/>
520 ## - SUMMARY, ETC.
Summary, etc. Se fondant sur les principes de Chimie Verte, Jacques Augé et Marie-Christine Scherrmann, tous deux de formation Ingénieur, montrent comment les concepts de Chimie Verte peuvent nous conduire à élaborer une chimie innovante avec des objectifs économiques, environnementaux et éthiques, donnant au chimiste une place prépondérante dans la Société. Les réactions décrites dans cet ouvrage mettent en exergue l’économie d’atomes, la prévention des déchets, la recherche de catalyseurs efficaces, l’optimisation du milieu réactionnel, des réactifs et des procédés, l’efficacité du traitement post-réactionnel.Les auteurs soulignent les améliorations apportées à la «vertitude» des procédés grâce à de nouveaux catalyseurs, des solvants alternatifs et des procédés non conventionnels, permettant de rendre plus sûres les transformations chimiques et de réduire au maximum le rejet de substances toxiques. Ils suggèrent même quelques pistes pour le futur en précisant les faiblesses actuelles, mais aussi les avancées majeures vers une chimie pleinement respectueuse de l’environnement.Des progrès restent à accomplir permettant auxjeunes chimistes à qui s’adressent ce livre, étudiants de Grandes Écoles, de Master, doctorants, chercheurs,enseignants, de déployer leur imagination vers de nouveaux concepts pour de nouvelles applications avecdes objectifs ambitieux clairement définis. Les auteurs proposent aussi au lecteur 25 exercices intégrés aux différents chapitres afin que celui-ci puissevérifier que les concepts sont bien acquis.
700 10 - ADDED ENTRY--PERSONAL NAME
Personal name Scherrmann, Marie-Christine
Relator term author
856 41 - ELECTRONIC LOCATION AND ACCESS
Uniform Resource Identifier <a href="https://shs.cairn.info/chimie-verte--9782759809769?lang=fr&redirect-ssocas=7080">https://shs.cairn.info/chimie-verte--9782759809769?lang=fr&redirect-ssocas=7080</a>

Pas d'exemplaire disponible.

PLUDOC

PLUDOC est la plateforme unique et centralisée de gestion des bibliothèques physiques et numériques de Guinée administré par le CEDUST. Elle est la plus grande base de données de ressources documentaires pour les Étudiants, Enseignants chercheurs et Chercheurs de Guinée.

Adresse

627 919 101/664 919 101

25 boulevard du commerce
Kaloum, Conakry, Guinée

Réseaux sociaux

Powered by Netsen Group @ 2025